| 000 | 01025cam a22003134a 4500 | ||
|---|---|---|---|
| 003 | EG-GICUC | ||
| 005 | 20260210114504.0 | ||
| 008 | 260210s2005 nyu fr 001 0 eng d | ||
| 020 | _a1587788195 | ||
| 020 | _a9781587788192 | ||
| 040 |
_aDLC _cDLC _dDLC _dEG-GICUC _beng _erda |
||
| 050 | 0 | 0 |
_aKZ6374 _b.O226 2005 |
| 082 | 0 | 0 |
_a341.6 _221 |
| 092 | 0 | 4 | _221 |
| 099 | _aLaw 11 2005 | ||
| 100 | 1 |
_aO'Connell, Mary Ellen, _d1958- |
|
| 245 | 1 | 0 |
_aInternational law and the use of force : _bdocumentary supplement / _cby Mary Ellen O'Connell. |
| 264 |
_aNew York : _bFoundation Press/Thomson West, _c2005. |
||
| 300 |
_avii, 774 pages ; _c27 cm. |
||
| 336 |
_atext _2rdacontent |
||
| 337 |
_aComputer _2rdamedia |
||
| 338 |
_aOnline Resource _2rdacarrier |
||
| 440 | 0 | _aUniversity casebook series | |
| 650 | 0 |
_aIntervention (International law) _vCases. |
|
| 650 | 0 |
_aAggression (International law) _vCases. |
|
| 856 | 4 | 0 | _uhttps://fll.law.cu.edu.eg/fulltext/bks/ENGB11-00060.pdf |
| 905 | _a10 | ||
| 942 |
_2ddc _cBK _e21 _n0 |
||
| 999 |
_c62387 _d62387 |
||